Silbido cofia pétalo y cosa

Gespeichert in:
Bibliographische Detailangaben
1. Verfasser: Iommi Amunátegui, Godofredo Tomás (autor)
Format: Buch
Sprache:Spanisch
Veröffentlicht: Valparaíso Universidad Católica de Valparaíso 1984
Schlagworte:
Tags: Tag hinzufügen
Keine Tags, Fügen Sie den ersten Tag hinzu!

MARC

LEADER 00000nam a2200000 a 4500
001 UCU2381
003 CL-VaPUC
008 960426e19840000CL |||||||||||||||||spa|d
082 0 4 |a Ch861  |b IOM  |2 21 
100 |a Iommi Amunátegui, Godofredo Tomás  |e autor  |9 604202 
245 1 0 |a Silbido cofia pétalo y cosa 
300 |a 17 p 
942 |c BK 
945 |d 19960426 00:00:00  |a rbrito 
260 |a Valparaíso  |b Universidad Católica de Valparaíso  |c 1984 
650 0 |a Poesías chilenas   |9 265280 
583 |a last modification  |c 19960426 00:00:00  |k Rodrigo Vera 
999 |c 246682  |d 246680 
952 |0 0  |1 0  |4 0  |6 CH_861_000000000000000_IOM_1984  |7 0  |8 A  |9 261863  |a BIBEDU  |b BIBEDU  |d 2019-11-19  |i 3194914  |o Ch861 IOM 1984  |p 3194914  |r 2019-11-19  |w 2019-11-19  |y BK  |k LIT